000 00357nam a2200157Ia 4500
003 0STCL
008 150530s9999 xx 000 0 und d
040 _aSTCL
_cSTCL
100 _aPlatt,N.; Drummond,M.J.
245 _aOur nation fromits creation
260 _c1964
546 _aEnglish
942 _2ddc
_cBK
999 _c68800
_d68800
005 20220125171406.0